000 00544nam a22001937a 4500
999 _c9765
_d9765
003 GBCCL
005 20241126110718.0
008 230712b ||||| |||| 00| 0 eng d
020 _a9780310243731
040 _cgbc
082 _a225.77
_bZON
100 _aArnold, Clinton E
_915238
245 _aEphesians
260 _aGrand Rapids :
_bZondervan,
_c2010
300 _a538 pages
440 _aZondervan exegetical commentary on the New Testament
_vv.10
_916967
650 _aBible
_vN.T.
_xEphesians
_ycommentaries
_916968
942 _2ddc
_cREF